Twelve plays for theatre

This anthology of plays provides a balance of historical and contemporary masterpieces. The introductory remarks provide historical, literary, and bibliographic context.

সংরক্ষণ করুন:
গ্রন্থ-পঞ্জীর বিবরন
প্রধান লেখক: Cohen, Robert
বিন্যাস: গ্রন্থ
ভাষা:Undetermined
প্রকাশিত: Mountain View, Calif. Mayfield Pub. 1994
বিষয়গুলি:
ট্যাগগুলো: ট্যাগ যুক্ত করুন
কোনো ট্যাগ নেই, প্রথমজন হিসাবে ট্যাগ করুন!
Thư viện lưu trữ: Trung tâm Học liệu Trường Đại học Cần Thơ
LEADER 00712nam a2200205Ia 4500
001 CTU_140466
008 210402s9999 xx 000 0 und d
082 |a 808.82 
082 |b C678 
100 |a Cohen, Robert 
245 0 |a Twelve plays for theatre 
245 0 |c Robert Cohen 
260 |a Mountain View, Calif. 
260 |b Mayfield Pub. 
260 |c 1994 
520 |a This anthology of plays provides a balance of historical and contemporary masterpieces. The introductory remarks provide historical, literary, and bibliographic context. 
650 |a Drama,Kịch 
650 |x Collections,Bộ sưu tập 
904 |i Trọng Hải 
980 |a Trung tâm Học liệu Trường Đại học Cần Thơ